[Event "CAN-ch"]
[Site "Guelph CAN"]
[Date "2009.08.16"]
[Round "9"]
[White "Panjwani, Raja"]
[Black "Jung, Hans"]
[Result "1-0"]
[WhiteElo "2472"]
[BlackElo "2150"]
[PlyCount "117"]
[EventDate "2009.08.08"]
[EventType "swiss"]
[EventRounds "9"]
[EventCountry "CAN"]

1. d4 d5 2. Bg5 h6 3. Bh4 c6 4. Nf3 Qb6 5. Qc1 g5 6. Bg3 g4 7. Ne5 Qxd4 8. e3
Qb6 9. c4 d4 10. Bd3 Nf6 11. O-O Nbd7 12. Nxd7 Nxd7 13. exd4 Qxd4 14. Rd1 Bg7
15. Nc3 Nf6 16. Bf1 Qc5 17. a3 Be6 18. b4 Qh5 19. Ne2 Qg5 20. Bf4 Qg6 21. Ng3
Nh5 22. Bd3 Nxg3 23. Bxg3 Bf5 24. Bxf5 Qxf5 25. Ra2 O-O 26. Rad2 a5 27. b5 Qc5
28. bxc6 bxc6 29. Bc7 f5 30. Rd7 Rf7 31. Bf4 Kh7 32. Bd6 Qb6 33. Bxe7 Ra7 34.
c5 Qa6 35. Rxa7 Qxa7 36. Bd6 Qb7 37. Qc4 Bf6 38. Qa4 Qa6 39. Qb3 Kg6 40. Re1
Qb7 41. Rb1 Qa6 42. Qe3 Qc4 43. h3 h5 44. Rb8 Bg7 45. Qe8 Qe4 46. Rc8 Qb1+ 47.
Kh2 gxh3 48. Rc7 Qa2 49. Rxf7 Qxf7 50. Qxc6 Kh7 51. Kxh3 Qe6 52. Qf3 Kg6 53.
Qg3+ Kf7 54. Qg5 Qb3+ 55. Kh2 Qxa3 56. Qxf5+ Kg8 57. Qd5+ Kh7 58. c6 Qa4 59.
Qf5+ 1-0

[Event "CAN-ch U20"]
[Site "Victoria CAN"]
[Date "2009.07.25"]
[Round "1"]
[White "Panjwani, Raja"]
[Black "Cheng, Jack"]
[Result "1-0"]
[WhiteElo "2454"]
[BlackElo "2048"]
[PlyCount "63"]
[EventDate "2009.07.25"]
[EventType "swiss"]
[EventRounds "7"]
[EventCountry "CAN"]

1. e4 e5 2. Nf3 Nc6 3. Nc3 Nf6 4. g3 Bc5 5. Bg2 d6 6. d3 O-O 7. O-O a6 8. h3 h6
9. Be3 Bxe3 10. fxe3 Re8 11. Nh4 b5 12. a3 Rb8 13. Rf2 Ne7 14. Rxf6 gxf6 15.
Qh5 Kg7 16. Rf1 c6 17. g4 Rg8 18. Ne2 Ng6 19. Ng3 Nxh4 20. Qxh4 f5 21. Qh5 Qg5
22. exf5 d5 23. h4 Qxe3+ 24. Kh2 Kf8 25. Rf3 Qc1 26. g5 hxg5 27. Qh6+ Ke7 28.
Nh5 Qxc2 29. Qf6+ Ke8 30. Qxe5+ Kd8 31. Qd6+ Bd7 32. Qxb8+ 1-0

[Event "CAN-ch U20"]
[Site "Victoria CAN"]
[Date "2009.07.25"]
[Round "2"]
[White "Marinkovic, Mate"]
[Black "Panjwani, Raja"]
[Result "0-1"]
[WhiteElo "2078"]
[BlackElo "2454"]
[PlyCount "92"]
[EventDate "2009.07.25"]
[EventType "swiss"]
[EventRounds "7"]
[EventCountry "CAN"]

1. e4 c5 2. Nc3 Nc6 3. g3 g6 4. Bg2 Bg7 5. d3 d6 6. Be3 Nd4 7. Qd2 Qa5 8. f4
Rb8 9. Nf3 b5 10. O-O b4 11. Nd1 Nh6 12. h3 Nxf3+ 13. Rxf3 f5 14. Rf1 O-O 15.
c3 bxc3 16. bxc3 Ba6 17. Re1 e6 18. Rc1 Rfd8 19. Bf2 fxe4 20. dxe4 Kh8 21. Ne3
d5 22. exd5 exd5 23. Red1 d4 24. cxd4 Qxd2 25. Rxd2 cxd4 26. Rcd1 d3 27. Nd5
Rb7 28. Be4 Rbd7 29. Nb4 Bc4 30. Nc6 Rc8 31. Nxa7 Rcc7 32. Nc6 Nf7 33. Nb8 Rd8
34. Bb6 Re7 35. Bxd8 Bd4+ 36. Kg2 Rxe4 37. Ba5 Re3 38. Rc1 Nd6 39. Bc3 Bxc3 40.
Rxc3 Ne4 41. Rxc4 Nxd2 42. Rc8+ Kg7 43. Rd8 Ne4 44. Nc6 Re2+ 45. Kf3 Nd2+ 46.
Kg4 h5+ 0-1

[Event "CAN-ch U20"]
[Site "Victoria CAN"]
[Date "2009.07.25"]
[Round "3"]
[White "Calugar, Arthur"]
[Black "Panjwani, Raja"]
[Result "0-1"]
[WhiteElo "2226"]
[BlackElo "2454"]
[PlyCount "88"]
[EventDate "2009.07.25"]
[EventType "swiss"]
[EventRounds "7"]
[EventCountry "CAN"]

1. e4 d6 2. d4 Nf6 3. Nc3 Nbd7 4. g4 h6 5. h3 e5 6. Nge2 Be7 7. Bg2 Nh7 8. Nd5
Bg5 9. Ng3 Nhf8 10. O-O Bxc1 11. Rxc1 Ne6 12. c3 c6 13. Ne3 O-O 14. Nef5 Nb6
15. Ne2 g6 16. Nfg3 Qh4 17. Qd3 h5 18. gxh5 Nf4 19. Nxf4 exf4 20. hxg6 fxg6 21.
e5 Bf5 22. Nxf5 Rxf5 23. Be4 Rg5+ 24. Kh1 d5 25. Bxg6 f3 26. Qxf3 Rf8 27. Qd3
Rxf2 28. Rc2 Rxf1+ 29. Qxf1 Rxg6 30. Rf2 Nd7 31. Rf7 Rg3 32. Kh2 Rxh3+ 33. Qxh3
Qxh3+ 34. Kxh3 Kxf7 35. Kg4 Ke6 36. Kf4 c5 37. b3 b5 38. a3 a5 39. Ke3 c4 40.
b4 axb4 41. cxb4 Kf5 42. Kd2 Nxe5 43. dxe5 Kxe5 44. Kc3 d4+ 0-1

[Event "CAN-ch U20"]
[Site "Victoria CAN"]
[Date "2009.07.27"]
[Round "5"]
[White "Martchenko, Alexander"]
[Black "Panjwani, Raja"]
[Result "0-1"]
[WhiteElo "2302"]
[BlackElo "2454"]
[PlyCount "73"]
[EventDate "2009.07.25"]
[EventType "swiss"]
[EventRounds "7"]
[EventCountry "CAN"]

1. e4 d6 2. d4 Nf6 3. Nc3 e5 4. Nf3 Nbd7 5. g3 g6 6. Bg2 Bg7 7. O-O O-O 8. h3
c6 9. a4 Qc7 10. Be3 b6 11. Qd2 a6 12. Rfd1 Re8 13. dxe5 dxe5 14. Bg5 Bb7 15.
Qe1 b5 16. Nd2 Nc5 17. Be3 Ne6 18. Nb3 b4 19. Na2 c5 20. c3 Nxe4 21. cxb4 Nd4
22. Na5 Bd5 23. Rac1 Qd7 24. Kh2 Nf6 25. Qh1 Bxg2 26. Qxg2 Qxa4 27. Ra1 cxb4
28. Bxd4 Qxa5 29. Be3 Qb5 30. Nc1 a5 31. Nd3 Nd5 32. Rac1 e4 33. Nc5 Nxe3 34.
fxe3 Rad8 35. Nxe4 Rxd1 36. Rxd1 Rxe4 37. Qxe4 0-1

[Event "CAN-ch U20"]
[Site "Victoria CAN"]
[Date "2009.07.27"]
[Round "6"]
[White "Panjwani, Raja"]
[Black "Sapozhnikov, Roman"]
[Result "1-0"]
[WhiteElo "2454"]
[BlackElo "2350"]
[PlyCount "75"]
[EventDate "2009.07.25"]
[EventType "swiss"]
[EventRounds "7"]
[EventCountry "CAN"]

1. d4 d5 2. Bg5 h6 3. Bh4 c6 4. Nf3 Qb6 5. b3 Bf5 6. e3 Nd7 7. Nbd2 Ngf6 8. Be2
e6 9. O-O Ba3 10. Ne5 Nxe5 11. dxe5 Ne4 12. Nxe4 Bxe4 13. Bg3 O-O 14. Bd3 Bxd3
15. cxd3 Be7 16. Qe2 a5 17. a4 Qa7 18. f4 b5 19. Kh1 Qd7 20. e4 dxe4 21. dxe4
bxa4 22. bxa4 Rfd8 23. Rad1 Qb7 24. Rb1 Qd7 25. f5 Rab8 26. Rbd1 Qc8 27. Rc1
Rb4 28. Qh5 Bf8 29. Rf4 Rdd4 30. Rcf1 Rxe4 31. fxe6 Qxe6 32. Rxf7 Be7 33. h3
Rxa4 34. R7f3 Qd7 35. Qg6 Qd8 36. Rf7 Bf8 37. Rxf8+ Qxf8 38. Qe6+ 1-0

[Event "CAN-op"]
[Site "Edmonton CAN"]
[Date "2009.07.11"]
[Round "1.20"]
[White "Zeggelaar, Mike"]
[Black "Panjwani, Raja"]
[Result "0-1"]
[WhiteElo "1810"]
[BlackElo "2418"]
[PlyCount "112"]
[EventDate "2009.07.11"]
[EventType "swiss"]
[EventRounds "9"]
[EventCountry "CAN"]

1. e4 c5 2. d4 cxd4 3. c3 d3 4. Bxd3 Nc6 5. Nf3 d6 6. Bf4 g6 7. h3 Bg7 8. O-O
Nf6 9. Nbd2 O-O 10. Qe2 Nd7 11. Rad1 a6 12. Nb3 Qc7 13. Nbd4 Nce5 14. Bb1 b5
15. Nc2 Qc4 16. Qxc4 Nxc4 17. Bc1 Bb7 18. Ncd4 Rfc8 19. Nd2 b4 20. Nxc4 Rxc4
21. Bd3 Rc7 22. Ne2 bxc3 23. Nxc3 Bxc3 24. bxc3 Rxc3 25. f3 a5 26. Bb2 Rxd3 27.
Rxd3 Ba6 28. Rb3 Bxf1 29. Kxf1 Kf8 30. Bd4 Ke8 31. a4 Rc8 32. Rc3 Rxc3 33. Bxc3
Nc5 34. Bxa5 Kd7 35. Ke2 Nxa4 36. g4 Kc6 37. Ke3 e6 38. Kf4 h6 39. Bd8 Nc5 40.
Bf6 e5+ 41. Ke3 Ne6 42. h4 h5 43. Kf2 Nf4 44. Kg3 Nd3 45. Bg5 d5 46. exd5+ Kxd5
47. Be3 f5 48. gxf5 gxf5 49. Bd2 Kd4 50. Kg2 Nf4+ 51. Kg3 Ng6 52. Bg5 Kd3 53.
Kf2 e4 54. fxe4 fxe4 55. Ke1 e3 56. Bd8 Ne5 0-1

[Event "CAN-op"]
[Site "Edmonton CAN"]
[Date "2009.07.12"]
[Round "2.20"]
[White "Panjwani, Raja"]
[Black "Araullo, Paolo"]
[Result "1-0"]
[WhiteElo "2418"]
[BlackElo "2047"]
[PlyCount "145"]
[EventDate "2009.07.11"]
[EventType "swiss"]
[EventRounds "9"]
[EventCountry "CAN"]

1. d4 Nf6 2. g3 g6 3. Bg2 d5 4. c4 c6 5. Nf3 Bg7 6. O-O O-O 7. Nbd2 Nbd7 8. Qc2
Re8 9. cxd5 cxd5 10. Nb3 Ne4 11. Bf4 e5 12. dxe5 Nxe5 13. Nxe5 Bxe5 14. Bxe4
dxe4 15. Rad1 Qf6 16. Bxe5 Qxe5 17. Rd4 e3 18. Qc5 Bh3 19. Qxe5 Rxe5 20. Rfd1
exf2+ 21. Kxf2 Rae8 22. R1d2 g5 23. Rd5 Bg4 24. Rxe5 Rxe5 25. Nd4 h5 26. Rc2
Re7 27. Rc5 f6 28. b4 Kf7 29. a4 Kg6 30. b5 f5 31. e3 Re4 32. Rd5 f4 33. exf4
gxf4 34. Rd6+ Kf7 35. gxf4 Rxf4+ 36. Kg3 Re4 37. a5 Ke7 38. Rd5 Re3+ 39. Kf4
Ra3 40. b6 axb6 41. axb6 Ra4 42. Ke5 Rb4 43. Rd6 Rb1 44. Rh6 Re1+ 45. Kd5 Kd7
46. Rh7+ Re7 47. Rh8 Re8 48. Rxe8 Kxe8 49. Kd6 Kd8 50. h4 Kc8 51. Ne6 Be2 52.
Ke7 Bg4 53. Nd8 Be2 54. Nf7 Bg4 55. Nd6+ Kb8 56. Kf6 Be2 57. Kg5 Bf3 58. Ne8
Kc8 59. Nf6 Bd1 60. Nxh5 Kd7 61. Nf6+ Kc6 62. Ng4 Kxb6 63. h5 Kc5 64. h6 Bc2
65. Ne5 Bh7 66. Kf6 b5 67. Kg7 Be4 68. Ng6 Bxg6 69. Kxg6 Kc4 70. h7 Kb3 71.
h8=Q b4 72. Qa1 Kc2 73. Qa2+ 1-0

[Event "CAN-op"]
[Site "Edmonton CAN"]
[Date "2009.07.13"]
[Round "3.19"]
[White "Rachar, Sean"]
[Black "Panjwani, Raja"]
[Result "0-1"]
[WhiteElo "1897"]
[BlackElo "2418"]
[PlyCount "52"]
[EventDate "2009.07.11"]
[EventType "swiss"]
[EventRounds "9"]
[EventCountry "CAN"]

1. d4 Nf6 2. c4 g6 3. Nc3 Bg7 4. e4 d6 5. Be2 O-O 6. Nf3 Nbd7 7. O-O e5 8. dxe5
dxe5 9. Qc2 c6 10. Rd1 Qc7 11. b3 Re8 12. h3 Nc5 13. Bb2 Nh5 14. Bf1 f5 15. g3
Nf6 16. Re1 Nfxe4 17. Nxe4 Nxe4 18. c5 Be6 19. Nd2 Nxd2 20. Qxd2 Rad8 21. Qb4
Bd5 22. Rac1 Qf7 23. Rc2 e4 24. Bxg7 Qxg7 25. Qa5 a6 26. Qd2 Bxb3 0-1

[Event "CAN-op"]
[Site "Edmonton CAN"]
[Date "2009.07.14"]
[Round "4.7"]
[White "Panjwani, Raja"]
[Black "Kovalyov, Anton"]
[Result "1-0"]
[WhiteElo "2418"]
[BlackElo "2586"]
[PlyCount "67"]
[EventDate "2009.07.11"]
[EventType "swiss"]
[EventRounds "9"]
[EventCountry "CAN"]

1. e4 c5 2. Nf3 d6 3. d4 cxd4 4. Nxd4 Nf6 5. Nc3 a6 6. g3 e5 7. Nb3 Nbd7 8. a4
b6 9. Bg2 Bb7 10. O-O Rc8 11. Re1 Be7 12. Nd2 O-O 13. Nf1 Nc5 14. Bg5 Ne6 15.
Bxf6 Bxf6 16. Ne3 g6 17. Ncd5 Bg5 18. c3 Kh8 19. Qb3 Rc6 20. Nc4 Nc5 21. Qd1 a5
22. b4 Ne6 23. Bf1 axb4 24. Nxb4 Rc5 25. Nxd6 Ba8 26. Nc4 Bb7 27. Qb3 Qc7 28.
Nd5 Bxd5 29. exd5 Rxd5 30. Qxb6 Rc8 31. a5 Rc5 32. Nd6 Ra8 33. Bg2 Rb8 34.
Nxf7+ 1-0

[Event "CAN-op"]
[Site "Edmonton CAN"]
[Date "2009.07.15"]
[Round "5.3"]
[White "Shirov, Alexei"]
[Black "Panjwani, Raja"]
[Result "1-0"]
[WhiteElo "2748"]
[BlackElo "2418"]
[PlyCount "105"]
[EventDate "2009.07.11"]
[EventType "swiss"]
[EventRounds "9"]
[EventCountry "CAN"]

1. e4 e5 2. Nf3 Nc6 3. Bb5 Nf6 4. O-O Nxe4 5. d4 Nd6 6. Bxc6 dxc6 7. dxe5 Nf5
8. Qxd8+ Kxd8 9. Nc3 h6 10. h3 Bd7 11. b3 b6 12. Bb2 Kc8 13. Rad1 Ne7 14. Rd2
c5 15. Rfd1 Be6 16. Ne2 Ng6 17. Rd8+ Kb7 18. Rxa8 Kxa8 19. Ng3 Be7 20. Nh5 Rg8
21. c4 Nh4 22. Nxh4 Bxh4 23. Nf4 Rd8 24. Rxd8+ Bxd8 25. Nxe6 fxe6 26. g4 Bg5
27. Kg2 Bd2 28. h4 g6 29. h5 g5 30. Kf3 Kb7 31. Ke2 Bf4 32. Bc3 Kc6 33. b4 cxb4
34. Bxb4 Kd7 35. Kd3 c5 36. Bd2 Bxe5 37. Ke4 Bg7 38. f4 gxf4 39. Bxf4 a6 40. a4
Kc6 41. Be5 Bf8 42. Bf6 b5 43. Ke5 Kd7 44. cxb5 axb5 45. axb5 Bd6+ 46. Ke4 Bf8
47. g5 hxg5 48. Bxg5 Kc7 49. Kd3 e5 50. h6 Kb6 51. Kc4 e4 52. Be3 Kb7 53. h7
1-0

[Event "CAN-op"]
[Site "Edmonton CAN"]
[Date "2009.07.16"]
[Round "6.11"]
[White "Panjwani, Raja"]
[Black "Henry, Liam"]
[Result "1-0"]
[WhiteElo "2418"]
[BlackElo "2280"]
[PlyCount "121"]
[EventDate "2009.07.11"]
[EventType "swiss"]
[EventRounds "9"]
[EventCountry "CAN"]

1. e4 e5 2. Nf3 Nf6 3. Nc3 Bb4 4. Bc4 Nc6 5. Nd5 Bc5 6. O-O d6 7. c3 Nxd5 8.
exd5 Ne7 9. d4 exd4 10. Nxd4 O-O 11. Bg5 f6 12. Bf4 Bxd4 13. Qxd4 Ng6 14. Bd2
Bd7 15. f4 Re8 16. Bd3 Qc8 17. Rae1 Rxe1 18. Rxe1 Bf5 19. Bb5 Bd7 20. Bf1 b6
21. h3 Qb7 22. Bd3 Kf7 23. c4 a5 24. Bc3 Qc8 25. Kh2 Qf8 26. g4 Re8 27. Rxe8
Kxe8 28. Kg3 Qe7 29. b3 Kf7 30. h4 Nf8 31. h5 h6 32. g5 Bc8 33. gxh6 gxh6 34.
Kf3 Kg7 35. Qg1+ Kh8 36. Qg3 Bd7 37. Bg6 Bc8 38. Kf2 Bd7 39. f5 Qg7 40. Qh4 Nh7
41. Qd4 Qe7 42. Qe3 Qxe3+ 43. Kxe3 Kg7 44. Bxh7 Kxh7 45. Bxf6 Bxf5 46. Kd4 a4
47. Bd8 axb3 48. axb3 b5 49. Bxc7 bxc4 50. bxc4 Kg7 51. Bxd6 Kf7 52. c5 Ke8 53.
c6 Bg4 54. Bf4 Bxh5 55. d6 Bg4 56. Bxh6 Kd8 57. Bg5+ Kc8 58. Ke5 Bh3 59. Kf6
Bg4 60. Bf4 Bh3 61. Ke7 1-0

[Event "CAN-op"]
[Site "Edmonton CAN"]
[Date "2009.07.17"]
[Round "7.5"]
[White "Bluvshtein, Mark"]
[Black "Panjwani, Raja"]
[Result "1-0"]
[WhiteElo "2598"]
[BlackElo "2418"]
[PlyCount "77"]
[EventDate "2009.07.11"]
[EventType "swiss"]
[EventRounds "9"]
[EventCountry "CAN"]

1. d4 Nf6 2. c4 g6 3. Nc3 Bg7 4. e4 d6 5. h3 O-O 6. Be3 c6 7. Nf3 a6 8. e5 Ne8
9. Be2 Nd7 10. exd6 Nxd6 11. O-O Nf5 12. Bg5 h6 13. Bf4 g5 14. Bh2 Qb6 15. Na4
Qa5 16. a3 b5 17. Nc3 bxc4 18. Bxc4 Qb6 19. Na4 Qa7 20. d5 Bb7 21. Qc2 Nd4 22.
Nxd4 Qxd4 23. dxc6 Bxc6 24. Bxf7+ Rxf7 25. Qxc6 Raf8 26. Qc2 Nb6 27. Nc3 Nc4
28. Rad1 Qc5 29. Ne4 Qc8 30. Rc1 Nb6 31. Qxc8 Nxc8 32. Rc6 Nd6 33. Nxd6 exd6
34. Bxd6 Rd8 35. Bc5 a5 36. b4 axb4 37. axb4 Rd2 38. b5 Rc2 39. Be3 1-0

[Event "CAN-op"]
[Site "Edmonton CAN"]
[Date "2009.07.18"]
[Round "8.8"]
[White "Panjwani, Raja"]
[Black "Mikhalevski, Victor"]
[Result "1/2-1/2"]
[WhiteElo "2418"]
[BlackElo "2616"]
[PlyCount "81"]
[EventDate "2009.07.11"]
[EventType "swiss"]
[EventRounds "9"]
[EventCountry "CAN"]

1. d4 d5 2. c4 e6 3. Nf3 Nf6 4. g3 dxc4 5. Bg2 a6 6. O-O Nc6 7. Nc3 Rb8 8. e4
Be7 9. Qe2 Nxd4 10. Nxd4 Qxd4 11. Rd1 Qc5 12. Be3 Qa5 13. Bd2 Qh5 14. Bf3 Qc5
15. Be3 Qa5 16. Bd2 Qb6 17. Be3 c5 18. Bf4 Ra8 19. a4 O-O 20. a5 Qa7 21. Na4 e5
22. Bxe5 Be6 23. Nb6 Rad8 24. Bc7 Rd4 25. Qe3 Nd7 26. Be2 Re8 27. f4 Bf8 28.
Nxd7 Bxd7 29. Bb6 Qb8 30. Rxd4 cxd4 31. Qxd4 Bc6 32. Bf3 g5 33. fxg5 Qe5 34.
Qxe5 Rxe5 35. Kf2 Rb5 36. Bd4 Bg7 37. e5 Bxf3 38. Kxf3 Bxe5 39. Bxe5 Rxe5 40.
h4 Rb5 41. Ra4 1/2-1/2

[Event "World op"]
[Site "Philadelphia USA"]
[Date "2009.07.03"]
[Round "4"]
[White "Ramirez, Alejandro"]
[Black "Panjwani, Raja"]
[Result "1/2-1/2"]
[WhiteElo "2563"]
[BlackElo "2364"]
[PlyCount "48"]
[EventDate "2009.06.29"]
[EventType "swiss"]
[EventRounds "9"]
[EventCountry "USA"]
[Source "Mark Crowther"]
[SourceDate "2009.07.06"]

1. c4 g6 2. Nc3 Bg7 3. Nf3 d6 4. g3 Nf6 5. d4 O-O 6. Bg2 c6 7. O-O a6 8. Nd2 b5
9. e3 Ra7 10. b3 Bg4 11. Qc2 d5 12. Ba3 Bf5 13. Qb2 Rb7 14. cxb5 axb5 15. Bc5
Na6 16. b4 Nxc5 17. bxc5 b4 18. Ne2 Qa5 19. a4 e5 20. Nb3 Qa6 21. Rfe1 exd4 22.
Nexd4 Bd3 23. Bf1 Bc4 24. Qc2 Nd7 1/2-1/2

[Event "World op"]
[Site "Philadelphia USA"]
[Date "2009.07.05"]
[Round "8"]
[White "Hess, Robert"]
[Black "Panjwani, Raja"]
[Result "1/2-1/2"]
[WhiteElo "2485"]
[BlackElo "2364"]
[PlyCount "137"]
[EventDate "2009.06.29"]
[EventType "swiss"]
[EventRounds "9"]
[EventCountry "USA"]
[Source "Mark Crowther"]
[SourceDate "2009.07.06"]

1. e4 e5 2. Nf3 Nc6 3. Bb5 Nf6 4. Qe2 Qe7 5. O-O a6 6. Ba4 d6 7. c4 Bd7 8. Bxc6
bxc6 9. d3 g6 10. Bd2 Bg7 11. Ba5 Nh5 12. c5 Bg4 13. cxd6 cxd6 14. Qc2 O-O 15.
Nbd2 Rac8 16. Kh1 Nf4 17. Ng1 Qg5 18. g3 Ne6 19. Bc3 Nd4 20. Bxd4 exd4 21. f4
Qh5 22. Ndf3 c5 23. b3 Rce8 24. Nh4 Bd7 25. f5 Bf6 26. Qg2 d5 27. Ne2 g5 28. e5
Bxe5 29. Nf3 Bxf5 30. Nxe5 Bh3 31. Qxd5 Bxf1 32. Rxf1 Qxe2 33. Rf5 h6 34. Nd7
Qd1+ 35. Kg2 Re2+ 36. Kh3 g4+ 37. Kxg4 Re5+ 38. Qf3 Qxf3+ 39. Rxf3 Rg5+ 40. Kh4
Rd8 41. Nf6+ Kg7 42. Nh5+ Kf8 43. Rf6 Rg6 44. Rf5 Rc6 45. Nf6 a5 46. Ne4 Rdc8
47. a4 Kg7 48. Kg4 Rb6 49. Nxc5 Rg6+ 50. Kf4 Rg5 51. Nb7 Rc3 52. Rxg5+ hxg5+
53. Kxg5 Rxd3 54. Kf4 Rxb3 55. Nxa5 Rb4 56. Ke4 Rxa4 57. Nc6 Ra2 58. Nxd4 Rxh2
59. Kf4 Ra2 60. Nf3 Kf6 61. Kg4 Ra4+ 62. Kh5 Re4 63. g4 Re8 64. g5+ Kf5 65. Kh6
Rg8 66. Nh4+ Ke6 67. Kh5 Ke5 68. Kg4 f5+ 69. Nxf5 1/2-1/2

[Event "World op"]
[Site "Philadelphia USA"]
[Date "2009.07.05"]
[Round "9"]
[White "Robson, Ray"]
[Black "Panjwani, Raja"]
[Result "1/2-1/2"]
[WhiteElo "2465"]
[BlackElo "2364"]
[PlyCount "81"]
[EventDate "2009.06.29"]
[EventType "swiss"]
[EventRounds "9"]
[EventCountry "USA"]
[Source "Mark Crowther"]
[SourceDate "2009.07.06"]

1. e4 e5 2. Nf3 Nc6 3. Bb5 Nf6 4. O-O Nxe4 5. d4 Nd6 6. Bxc6 dxc6 7. dxe5 Nf5
8. Qxd8+ Kxd8 9. Nc3 h6 10. h3 Bd7 11. b3 b6 12. Bb2 Kc8 13. Rad1 Ne7 14. Rd2
c5 15. Rfd1 Be6 16. Ne4 Ng6 17. Ng3 Be7 18. Nh5 Rg8 19. g4 a5 20. a4 c4 21. Nd4
Bg5 22. Re2 Rd8 23. Rf1 Nf4 24. Nxf4 Bxf4 25. Nxe6 fxe6 26. Re4 g5 27. Rxc4 Rd5
28. Re1 c5 29. Kg2 Kd7 30. Bc3 Ke7 31. Rce4 Rad8 32. f3 Rd1 33. Kf2 Rxe1 34.
Kxe1 Rd5 35. Ke2 Kd7 36. Be1 Ke7 37. c4 Rd7 38. h4 Kf7 39. Bc3 Kg6 40. Be1 Kf7
41. h5 1/2-1/2

[Event "National op"]
[Site "Las Vegas USA"]
[Date "2009.06.05"]
[Round "2"]
[White "Ehlvest, Jaan"]
[Black "Panjwani, Raja"]
[Result "1-0"]
[WhiteElo "2606"]
[BlackElo "2364"]
[PlyCount "49"]
[EventDate "2009.06.05"]
[EventType "swiss"]
[EventRounds "6"]
[EventCountry "USA"]

1. d4 Nf6 2. c4 g6 3. Nc3 Bg7 4. e4 d6 5. Be2 O-O 6. Nf3 Nbd7 7. Be3 e5 8. d5
Nc5 9. Nd2 a5 10. O-O Bd7 11. b3 c6 12. a3 cxd5 13. cxd5 Rc8 14. Rc1 b5 15. b4
axb4 16. axb4 Na4 17. Nxa4 Rxc1 18. Qxc1 bxa4 19. b5 Qa8 20. Qa3 Rc8 21. Rb1
Rc2 22. b6 Nxe4 23. b7 Qb8 24. Nxe4 Rxe2 25. Qd3 1-0

[Event "National op"]
[Site "Las Vegas USA"]
[Date "2009.06.06"]
[Round "3"]
[White "Panjwani, Raja"]
[Black "Pinto, Mark"]
[Result "1-0"]
[WhiteElo "2364"]
[BlackElo "2136"]
[PlyCount "80"]
[EventDate "2009.06.05"]
[EventType "swiss"]
[EventRounds "6"]
[EventCountry "USA"]

1. d4 g6 2. Bg5 Bg7 3. e3 c5 4. c3 cxd4 5. exd4 Qb6 6. Nd2 d5 7. Qb3 Qxb3 8.
axb3 Nf6 9. Bd3 O-O 10. Ngf3 Nc6 11. b4 h6 12. Bxf6 Bxf6 13. b5 Nb8 14. O-O Nd7
15. Ra5 b6 16. Ra2 e5 17. dxe5 Nxe5 18. Nxe5 Bxe5 19. Rfa1 Bb8 20. Nf3 Bb7 21.
Nd4 Rc8 22. g3 Kf8 23. f4 Ke7 24. Kf2 Kd6 25. Re1 Bc7 26. f5 g5 27. f6 Bd8 28.
Nf5+ Kc7 29. Ne7 Rcb8 30. b4 Kd6 31. Rae2 Bc8 32. Nc6 Be6 33. Rxe6+ fxe6 34.
Bf5 exf5 35. f7 Be7 36. Nxe7 Rf8 37. Nxf5+ Kd7 38. Re7+ Kd8 39. Rb7 Kc8 40.
Nd6+ Kd8 1-0

[Event "CAN-ch post-secondary"]
[Site "Kingston CAN"]
[Date "2009.01.17"]
[Round "3"]
[White "Panjwani, Raja"]
[Black "Stevens, Christian"]
[Result "1/2-1/2"]
[WhiteElo "2392"]
[BlackElo "2396"]
[PlyCount "25"]
[EventDate "2009.01.16"]
[EventType "team"]
[EventRounds "5"]
[EventCountry "CAN"]

1. e4 c5 2. Nf3 e6 3. Nc3 Nc6 4. d4 cxd4 5. Nxd4 d6 6. Be2 Nf6 7. O-O Be7 8.
Be3 O-O 9. f4 e5 10. Nb3 exf4 11. Bxf4 Be6 12. Qd2 d5 13. exd5 1/2-1/2

[Event "CAN-ch post-secondary"]
[Site "Kingston CAN"]
[Date "2009.01.18"]
[Round "4"]
[White "Cheng, Bindi"]
[Black "Panjwani, Raja"]
[Result "0-1"]
[WhiteElo "2369"]
[BlackElo "2392"]
[PlyCount "78"]
[EventDate "2009.01.16"]
[EventType "team"]
[EventRounds "5"]
[EventCountry "CAN"]

1. e4 c5 2. Nc3 d6 3. g3 Nc6 4. Bg2 g6 5. d3 Bg7 6. Be3 Rb8 7. Qd2 b5 8. Nge2
Nd4 9. O-O h5 10. f4 b4 11. Nd1 h4 12. c3 Nxe2+ 13. Qxe2 hxg3 14. hxg3 Nh6 15.
f5 gxf5 16. exf5 Nxf5 17. Qg4 Be5 18. Rxf5 Bxf5 19. Qxf5 bxc3 20. Nxc3 e6 21.
Qf3 Qf6 22. Qxf6 Bxf6 23. Ne4 Be5 24. Bf4 Bxf4 25. gxf4 d5 26. Nxc5 Rxb2 27.
Na4 Rb4 28. Rc1 Ke7 29. Nc3 Rg8 30. Rf1 Rc8 31. Nd1 Rd4 32. f5 Rxd3 33. Nf2 Rd2
34. Ng4 Rg8 35. f6+ Kd6 36. Rf4 Rxa2 37. Nf2 e5 38. Rb4 e4 39. Rb3 Rg6 0-1

[Event "World op"]
[Site "Philadelphia USA"]
[Date "2008.07.02"]
[Round "1"]
[White "Panjwani, Raja"]
[Black "Perelshteyn, Eugene"]
[Result "0-1"]
[WhiteElo "2310"]
[BlackElo "2555"]
[PlyCount "100"]
[EventDate "2008.07.02"]
[EventType "swiss"]
[EventRounds "9"]
[EventCountry "USA"]
[Source "Mark Crowther"]
[SourceDate "2008.07.08"]

1. e4 e6 2. d4 d5 3. Nc3 Nf6 4. Bg5 dxe4 5. Nxe4 Be7 6. Bxf6 gxf6 7. Nf3 f5 8.
Nc3 a6 9. Qe2 b5 10. O-O-O b4 11. Na4 Qd5 12. c4 Qa5 13. Qe5 Qxe5 14. Nxe5 Bb7
15. Be2 Nd7 16. Nxd7 Kxd7 17. d5 Rad8 18. Bf3 Kc8 19. Kc2 exd5 20. Bxd5 Bxd5
21. Rxd5 Rxd5 22. cxd5 Bd6 23. g3 f4 24. Kd3 Rg8 25. Kc4 Re8 26. Nc5 Bxc5 27.
Kxc5 Re2 28. gxf4 Rxb2 29. Rg1 a5 30. a4 bxa3 31. Rg3 a2 32. Ra3 Rc2+ 33. Kd4
Rxf2 34. h3 Rxf4+ 35. Ke5 Rf2 36. Rxa5 Kb7 37. h4 Kb6 38. Ra8 Kc5 39. Ra5+ Kb4
40. Ra7 Kb3 41. Rb7+ Ka3 42. Ra7+ Kb2 43. Rb7+ Kc1 44. Rxc7+ Kb1 45. Rb7+ Rb2
46. Rxf7 Re2+ 47. Kd6 a1=Q 48. Rf1+ Kb2 49. Rxa1 Kxa1 50. Kc5 Re5 0-1

[Event "World op"]
[Site "Philadelphia USA"]
[Date "2008.07.03"]
[Round "2"]
[White "Dejmek, Mark"]
[Black "Panjwani, Raja"]
[Result "0-1"]
[WhiteElo "2136"]
[BlackElo "2310"]
[PlyCount "60"]
[EventDate "2008.07.02"]
[EventType "swiss"]
[EventRounds "9"]
[EventCountry "USA"]
[Source "Mark Crowther"]
[SourceDate "2008.07.08"]

1. e4 c5 2. Nf3 d6 3. d4 cxd4 4. Nxd4 Nf6 5. Nc3 a6 6. Bg5 e6 7. f4 Qb6 8. Qd2
Nc6 9. Nb3 Ng4 10. h3 Qe3+ 11. Qxe3 Nxe3 12. Kd2 Nxf1+ 13. Rhxf1 h6 14. Bh4 g5
15. fxg5 Be7 16. Rad1 Ne5 17. Kc1 b5 18. Bg3 hxg5 19. Bxe5 dxe5 20. Rd3 Ra7 21.
a3 Rc7 22. Rdf3 Rh7 23. Nd2 Bd7 24. Nd1 g4 25. hxg4 b4 26. axb4 Bb5 27. Re1 Rh2
28. Kb1 Rxg2 29. Rf2 Rxf2 30. Nxf2 Bh4 0-1

[Event "World op"]
[Site "Philadelphia USA"]
[Date "2008.07.03"]
[Round "3"]
[White "Laxman, Rajaram"]
[Black "Panjwani, Raja"]
[Result "1/2-1/2"]
[WhiteElo "2498"]
[BlackElo "2310"]
[PlyCount "81"]
[EventDate "2008.07.02"]
[EventType "swiss"]
[EventRounds "9"]
[EventCountry "USA"]
[Source "Mark Crowther"]
[SourceDate "2008.07.08"]

1. Nf3 Nf6 2. c4 g6 3. Nc3 Bg7 4. e4 d6 5. d4 O-O 6. Be2 Na6 7. O-O e5 8. Be3
c6 9. dxe5 dxe5 10. Qxd8 Rxd8 11. Rfd1 Re8 12. h3 Bf8 13. Bg5 Kg7 14. Bd3 Nc5
15. Bc2 Ne6 16. Be3 Nd7 17. a3 a5 18. Na4 Nec5 19. Nxc5 Bxc5 20. Bd2 a4 21. Bb4
Bf8 22. Nd2 Nc5 23. Kf1 Be6 24. Rac1 Red8 25. Ke2 f6 26. Bc3 Nd7 27. Bb1 Nb6
28. c5 Nc4 29. Bd3 Nxd2 30. Bxd2 Rd7 31. Be3 Rad8 32. g4 Bb3 33. Rd2 Be7 34. f3
Kf7 35. Bc4+ Bxc4+ 36. Rxc4 Rxd2+ 37. Bxd2 Ra8 38. Kd3 Ke6 39. Kc2 Kd7 40. Rc3
Rh8 41. Kd3 1/2-1/2